000 005510000a22001810004500
003 MACL
005 20160331143115.0
008 160331b xxu||||| |||| 00| 0 eng d
040 _aMACL
_cMACL
041 _aHindi
082 _a320
100 _aविमलकीर्ति
_948541
245 _aबाबासाहब अम्‍बेडकर के पत्र
260 _bराहुल प्रकाशन
_c2004
_aनई दिल्‍ली
350 _a200
650 _aPolitical Science
_949321
942 _cHIN
_k320
_2ddc
999 _c12357
_d12357